|
|
|
|
| LEADER |
01751nam a2200361 a 4500 |
| 001 |
28161 |
| 003 |
BD-DhAAL |
| 005 |
20190526115304.0 |
| 008 |
140703s2009 nyua b 000 0 eng |
| 999 |
|
|
|c 32836
|d 32836
|
| 010 |
|
|
|a 2008029765
|
| 020 |
|
|
|a 9781568987903 (alk. paper)
|
| 020 |
|
|
|a 1568987900 (alk. paper)
|
| 040 |
|
|
|a DLC
|c DLC
|d YDX
|d BTCTA
|d YDXCP
|d UKM
|d CDX
|d DLC
|d BD-DhAAL
|
| 050 |
0 |
0 |
|a NA2728
|b .I93 2009
|
| 082 |
|
|
|a 720.2840285536
|2 23
|
| 100 |
1 |
|
|a Iwamoto, Lisa,
|d 1963-
|9 5286
|
| 245 |
1 |
0 |
|a Digital fabrications :
|b architectural and material techniques /
|c Lisa Iwamoto.
|
| 260 |
|
|
|a New York :
|b Princeton Architectural Press,
|c c2009.
|
| 300 |
|
|
|a 144 p. :
|b chiefly col. ill. ;
|c 22 cm.
|
| 490 |
1 |
|
|a Architecture briefs
|
| 504 |
|
|
|a Includes bibliographical references (p. 140).
|
| 526 |
|
|
|a ARC
|
| 541 |
|
|
|e 28161
|
| 650 |
|
0 |
|a Architectural design
|x Data processing.
|9 5287
|
| 650 |
|
0 |
|a Architecture
|x Data processing.
|9 5288
|
| 650 |
|
0 |
|a Computer-aided design.
|9 694
|
| 830 |
|
0 |
|a Architecture briefs.
|9 5289
|
| 852 |
|
|
|a Ayesha Abed Library
|c General Stacks
|
| 942 |
|
|
|2 ddc
|c BK
|
| 952 |
|
|
|0 0
|1 0
|2 ddc
|4 0
|6 720_284028553600000_IWA
|7 0
|9 42887
|a BRACUL
|b BRACUL
|c GEN
|d 2014-07-03
|e Riza Enterprize
|g 2150.00
|l 3
|m 14
|o 720.2840285536 IWA
|p 3010028161
|r 2024-01-21
|s 2023-10-26
|t 1
|w 2014-07-03
|y BK
|
| 952 |
|
|
|0 0
|1 0
|2 ddc
|4 0
|6 720_284028553600000_IWA
|7 0
|9 43406
|a BRACUL
|b BRACUL
|c GEN
|d 2014-08-13
|e Trim Education
|g 2225.00
|l 6
|m 12
|o 720.2840285536 IWA
|p 3010028182
|r 2021-12-23
|s 2021-12-15
|t 2
|w 2014-08-13
|y BK
|
| 952 |
|
|
|0 0
|1 0
|2 ddc
|4 0
|6 720_284028553600000_IWA
|7 0
|9 59500
|a BRACUL
|b BRACUL
|c GEN
|d 2016-08-02
|e Karim International
|g 2150.00
|l 0
|o 720.2840285536 IWA
|p 3010031204
|r 2016-08-02
|t 3
|w 2016-08-02
|y BK
|x Transferred from ARC to BRACUL on 28/12/2023
|